| 000 | 00507nam a22001577a 4500 | ||
|---|---|---|---|
| 005 | 20170523112025.0 | ||
| 008 | 170523b xxu||||| |||| 00| 0 eng d | ||
| 020 | _a9789696620488 | ||
| 040 | _cPK-LaUMT | ||
| 082 |
_a610 _bZAI-G |
||
| 100 | _aZainab Fatima =زینب فاطمہ | ||
| 245 |
_aGharelu totkoan ka encyclopedia = گھریلو ٹوٹکوں کا انسایکلوپیڈیا _cZainab Fatima =زینب فاطمہ |
||
| 260 |
_aجہلم: _bبک کارنر، _c2016 |
||
| 300 | _a421 ص | ||
| 942 | _cBK | ||
| 999 |
_c93950 _d93950 |
||